| 000 | 00384 a2200145 4500 | ||
|---|---|---|---|
| 005 | 20241226133138.0 | ||
| 008 | 241226b |||||||| |||| 00| 0 eng d | ||
| 020 | _a9780674296039 | ||
| 082 | _a720.6/BRO | ||
| 100 |
_aBrown P C _9169679 |
||
| 245 | _aMake it Stick:The science Of Successful Learning | ||
| 260 |
_bBelknap Harvard _c2014 _aLondon |
||
| 300 |
_a313p _bPB |
||
| 942 | _cBK | ||
| 999 |
_c362363 _d362363 |
||